Griha chikitsak (Record no. 8491)

MARC details
000 -LEADER
fixed length control field 00566cam a2200229ua 4500
001 - CONTROL NUMBER
control field 9447
005 - DATE AND TIME OF LATEST TRANSACTION
control field 20260515114452.0
008 - FIXED-LENGTH DATA ELEMENTS--GENERAL INFORMATION
fixed length control field 150910n ii |||gr||||Z||||||asm
040 ## - CATALOGING SOURCE
Transcribing agency MAIN
041 ## - LANGUAGE CODE
Language code of text/sound track or separate title asm
082 ## - DEWEY DECIMAL CLASSIFICATION NUMBER
Classification number 610.92
100 ## - MAIN ENTRY--PERSONAL NAME
Personal name Bhattacharyya, M.N.,
Relator term Author.
245 1# - TITLE STATEMENT
Title Griha chikitsak
Statement of responsibility, etc. by M.N. Bhattacharyya
250 ## - EDITION STATEMENT
Edition statement 1st ed.
260 ## - PUBLICATION, DISTRIBUTION, ETC.
Place of publication, distribution, etc. Calcutta:
Name of publisher, distributor, etc. Sribhumi publishing co.,
Date of publication, distribution, etc. 1983.
300 ## - PHYSICAL DESCRIPTION
Extent 182p.
653 ## - INDEX TERM--UNCONTROLLED
Uncontrolled term Medicine & health
653 ## - INDEX TERM--UNCONTROLLED
Uncontrolled term Medical practitioner
653 ## - INDEX TERM--UNCONTROLLED
Uncontrolled term Doctor
653 ## - INDEX TERM--UNCONTROLLED
Uncontrolled term General medicine
942 ## - ADDED ENTRY ELEMENTS (KOHA)
Koha item type Books
Holdings
Withdrawn status Lost status Damaged status Not for loan Home library Current library Shelving location Date acquired Total checkouts Full call number Barcode Date last seen Copy number Price effective from Koha item type
        Naharkatiya College Library Naharkatiya College Library General stacks 09/19/2020   610.92 | BHA 10657 09/19/2020 1 09/19/2020 Books